The strategy and tactics of pricing : a guide to profitable decision making

Αποθηκεύτηκε σε:
Λεπτομέρειες βιβλιογραφικής εγγραφής
Κύριος συγγραφέας: Nagle, Thomas T. 1951-
Μορφή: Βιβλίο
Γλώσσα:English
Δημοσίευση: Englewood Cliffs, N.J. : Prentice-Hall, c1987
Θέματα:
Ετικέτες: Προσθήκη ετικέτας
Δεν υπάρχουν, Καταχωρήστε ετικέτα πρώτοι!

MARC

LEADER 00000cam a2200000 i 4500
001 1/19896
008 930819s1987 eng d
020 |a 0138515107 
035 |l 10021438 
040 |a GR-MY-UA  |b gre  |e aacr 
041 0 |a eng 
082 0 |a 658.816  |2 (19) 
100 1 |a Nagle, Thomas T.  |d 1951- 
245 1 4 |a The strategy and tactics of pricing :  |b a guide to profitable decision making /  |c Thomas T. Nagle 
260 |a Englewood Cliffs, N.J. :   |b Prentice-Hall,   |c c1987 
300 |a xiii, 351 p.;  |b ill.;  |c 24 cm 
504 |a Includes bibliographies and index 
650 0 0 |a Pricing. 
650 0 0 |a Marketing  |x Decision making. 
852 |a INST  |b CHIOS  |e 19930819  |h 658.816 NAG  |p 005200001107  |q 005200001107  |t BK  |y 0 
909 |a Χ  |b 024171